000 00626cam a22002053a 4500
001 45479
003 PGUSA
005 20140828084043.0
008 140424s2014||||xxu|||||s|||||000 | eng d
040 _aPGUSA
_beng
042 _adc
100 1 _aMangasarian, M. M.
_q(Mangasar Mugurditch),
_d1859-1943
245 1 4 _aThe Story of Joan of Arc :
_bThe Witch—Saint
_h[electronic resource] /
_cM. M. Mangasarian
260 _bProject Gutenberg,
_c2014
506 _aPublic domain in the USA.
516 _aElectronic text
830 0 _aProject Gutenberg
_v45479
856 4 0 _uhttp://www.gutenberg.org/ebooks/45479
942 _cEB
999 _c274730
_d274730